00541nam a2200193 a 4500001001300000003000900013005001700022008004100039020001000080082001400090100002500104245004800129260005100177300000900228500003500237505001000272650004000282700002500322nice12345678IN_TiNIC20260116011305.0050524s1924 uppa grp 000 0 ger  ac10000a291bAND3 aAndrae, Dozent D Tor aDer Ursprung Des Islams Und Das Christentum aUppsalabAlmqvist & Wiksells Boktryckeric1924 a112p aincludes index and biblioraphy2 aIndex aComparative Religion-Islam & Christ1 aAndrae, Dozent D Tor